| 000 | 00980nam a2200301#a 4500 | ||
|---|---|---|---|
| 001 | 00130 | ||
| 003 | HDC | ||
| 007 | ta | ||
| 008 | 230623s2006 xx 000 0 eng d | ||
| 020 | _a13944630 (pbk.) | ||
| 040 | _aHDC | ||
| 050 |
_aFMM HD 9016 _b.F44 2006 C4 |
||
| 110 | _aFederation of Malaysian Manufacturers | ||
| 245 | 0 |
_aFood & beverage : _bFMM-MATRADEA industry directory 2005/2006 / _cFederation of Malaysia Manufacturers |
|
| 250 | _a3rd ed. | ||
| 264 |
_aKuala Lumpur : _bFederation of Malaysia Manufacturers, _c2006 |
||
| 300 |
_a192p. : _b ill. ; _c 29cm + 1 CD ROM (4 3/4 in) |
||
| 500 | _aIncludes index | ||
| 650 |
_aBeverage industry _vDirectories |
||
| 650 |
_aFood industry and trade _vDirectories |
||
| 650 |
_aMalaysia _xCommerce _vDirectories |
||
| 650 |
_aMalaysia _xManufactures _vDirectories |
||
| 700 | _aMalaysian External Trade development Corporation | ||
| 942 | _2lcc | ||
| 942 | _cBK | ||
| 942 | _kFMM HD 9016 | ||
| 942 | _m.F44 2006 C4 | ||
| 999 |
_c21774 _d21774 |
||